banner-ar

الرضا الوظيفى و الارتقاء بالعمل المهنى / (Record no. 62471)

MARC details
000 -الفاتح
حقل البيانات ثابتة الطول 00927nam a2200217 4500
005 - وقت وتاريخ اخر تعامل مع التسجيلة
رقم الضبط 20240530110551.0
008 - عناصر البيانات ثابتة الطول - معلومات عامة
حقل البيانات ثابتة الطول 160720s2014 ua ak f b 000 0 ara d
017 ## - رقم الايداع القانونى
رقم الايداع القانونى 2014/15401
المصدر ( الهيئة المختصة) مصر . دار الكتب المصرية
020 ## - الرقم الدولى المعيارى للكتب
الرقم الدولى المعيارى للكتاب 9789777220200
040 ## - مصدر الفهرسة
وكالة الفهرسة الأصلية EG-CaGPL
082 04 - رقم تصنيف ديوى العشرى
رقم الطبعة 21
رقم التصنيف 658.31422\
رقم المادة خ ر
110 0# - المدخل الرئيسى - إسم هيئة
رمز الرابط خبراء المجموعة العربية للتدريب و النشر
245 12 - بيان العنوان
العنوان الرضا الوظيفى و الارتقاء بالعمل المهنى /
بيان المسئوليه,etc اعداد خبراء المجموعة العربية للتدريب و النشر
250 ## - بيان الطبعة
بيان الطبعة ط. 1
260 ## - PUBLICATION, DISTRIBUTION, ETC. (IMPRINT)
تاريخ النشر أو التوزيع 2014 .
300 ## - الوصف المادى
التعداد 91 ص. :
تفاصيل ماديه اخرى للوعاء ايض ؛
أبعاد الوعاء 30 سم .
490 0# - بيان السلسلة
عنوان السلسلة المهارات الادارية
504 ## - تبصرة ببليوجرافية
تبصرة ببليوجرافية,الخ يشتمل على ارجاعات ببليوجرافية<br/>
650 04 - المدخل الاضافى بالموضوع-مصطلح موضوعى
مصطلح موضوعي الرضا الوظيفى
942 ## - عناصر المدخل الإضافي( كوها)
مصدر التصنيف او مخطط الترفيف Dewey Decimal Classification
Koha [default] item type كتاب
260 ## - PUBLICATION, DISTRIBUTION, ETC. (IMPRINT)
-- القاهرة :
-- المجموعة العربية للتدريب و النشر ،
Holdings
حالة التراجع حالة الفقد حالة تلف ليس للاعارة المكان المؤقت الموقع الحالى تاريخ الاكتساب اجمالي اﻻعارات رقم الطلب الباركود تاريخ اخر مشاهدة تاريخ تفعيل السعر نوع وعاء كوها
        مكتبة القاهرة الكبرى مكتبة القاهرة الكبرى 07/20/2016   658.31422\ خ ر 162216 07/20/2016 07/20/2016 كتاب

Powered By

EGPV